Dead flip / (Record no. 128137)

MARC details
000 -LEADER
fixed length control field 01751nam a2200445 a 4500
001 - CONTROL NUMBER
control field fol20539231
003 - CONTROL NUMBER IDENTIFIER
control field ICrlF
005 - DATE AND TIME OF LATEST TRANSACTION
control field 20250904223758.0
008 - FIXED-LENGTH DATA ELEMENTS--GENERAL INFORMATION
fixed length control field 220418s2022 ncu d 000 1 eng
010 ## - LIBRARY OF CONGRESS CONTROL NUMBER
LC control number 2022013761
020 ## - INTERNATIONAL STANDARD BOOK NUMBER
International Standard Book Number 9781643750804
035 ## - SYSTEM CONTROL NUMBER
System control number (ICrlF)1999YZ
040 ## - CATALOGING SOURCE
Original cataloging agency DLC
Language of cataloging eng
Transcribing agency DLC
Modifying agency ICrlF
043 ## - GEOGRAPHIC AREA CODE
Geographic area code n-us-ma
050 00 - LIBRARY OF CONGRESS CALL NUMBER
Classification number PZ7.F227135
Item number De 2022
082 00 - DEWEY DECIMAL CLASSIFICATION NUMBER
Classification number [Fic]
Edition number 23
100 1# - MAIN ENTRY--PERSONAL NAME
Personal name Farizan, Sara,
Dates associated with a name 1984-
9 (RLIN) 40936
245 10 - TITLE STATEMENT
Title Dead flip /
Statement of responsibility, etc Sara Farizan.
250 ## - EDITION STATEMENT
Edition statement 1st ed.
260 ## - PUBLICATION, DISTRIBUTION, ETC. (IMPRINT)
Place of publication, distribution, etc Chapel Hill, N.C. :
Name of publisher, distributor, etc Algonquin,
Date of publication, distribution, etc 2022.
300 ## - PHYSICAL DESCRIPTION
Extent 264 p. ;
Dimensions 22 cm.
510 3# - CITATION/REFERENCES NOTE
Name of source Booklist starred, July 2022
510 3# - CITATION/REFERENCES NOTE
Name of source Kirkus Review, July 2022
510 3# - CITATION/REFERENCES NOTE
Name of source Publishers Weekly Annex, August 2022
520 ## - SUMMARY, ETC.
Summary, etc "Eighteen-year-olds Cori and Maz, once inseparable best friends, reunite to solve the mystery of what happened to their other friend Sam--who disappeared six years ago and has now returned, not having aged at all"--Provided by publisher.
521 2# - TARGET AUDIENCE NOTE
Target audience note Young Adult
Source Follett School Solutions.
650 #0 - SUBJECT ADDED ENTRY--TOPICAL TERM
Topical term or geographic name as entry element Missing children
Form subdivision Juvenile fiction.
9 (RLIN) 5101
650 #0 - SUBJECT ADDED ENTRY--TOPICAL TERM
Topical term or geographic name as entry element Friendship
Form subdivision Juvenile fiction.
650 #0 - SUBJECT ADDED ENTRY--TOPICAL TERM
Topical term or geographic name as entry element Iranian Americans
Form subdivision Juvenile fiction.
650 #0 - SUBJECT ADDED ENTRY--TOPICAL TERM
Topical term or geographic name as entry element Lesbians
Form subdivision Juvenile fiction.
9 (RLIN) 3076
650 #1 - SUBJECT ADDED ENTRY--TOPICAL TERM
Topical term or geographic name as entry element Missing children
Form subdivision Fiction.
650 #1 - SUBJECT ADDED ENTRY--TOPICAL TERM
Topical term or geographic name as entry element Friendship
Form subdivision Fiction.
650 #1 - SUBJECT ADDED ENTRY--TOPICAL TERM
Topical term or geographic name as entry element Iranian Americans
Form subdivision Fiction.
650 #1 - SUBJECT ADDED ENTRY--TOPICAL TERM
Topical term or geographic name as entry element Lesbians
Form subdivision Fiction.
651 #0 - SUBJECT ADDED ENTRY--GEOGRAPHIC NAME
Geographic name Massachusetts
General subdivision History
Chronological subdivision 20th century
Form subdivision Juvenile fiction.
9 (RLIN) 40206
651 #1 - SUBJECT ADDED ENTRY--GEOGRAPHIC NAME
Geographic name Massachusetts
General subdivision History
Chronological subdivision 20th century
Form subdivision Fiction.
9 (RLIN) 40937
655 #7 - INDEX TERM--GENRE/FORM
Genre/form data or focus term Horror fiction.
Source of term lcgft
940 ## - EQUIVALENCE OR CROSS-REFERENCE--UNIFORM TITLE [OBSOLETE] [CAN/MARC only]
-- Young Adult
Date of treaty signing 02/13/23
Version Booklist starred, July 2022
-- Kirkus Review, July 2022
-- Publishers Weekly Annex, August 2022
-- FSS
942 ## - ADDED ENTRY ELEMENTS (KOHA)
Koha item type Book
Holdings
Withdrawn status Lost status Source of classification or shelving scheme Damaged status Not for loan Home library Current library Shelving location Date acquired Total Checkouts Full call number Barcode Date last seen Date checked out Cost, replacement price Price effective from
  Available Dewey Decimal Classification     Martha's Vineyard High School Library Martha's Vineyard High School Library   02/24/2023 1 FIC FAR 39844500061210 07/03/2025 09/06/2024 18.00 02/24/2023